Central Library OPAC University of Rajshahi

History of ancient india / (Record no. 74512)

MARC details
000 -LEADER
fixed length control field 00710nam a2200241 a 4500
001 - CONTROL NUMBER
control field 74512
003 - CONTROL NUMBER IDENTIFIER
rucl marc code BD-RjUL
005 - DATE AND TIME OF LATEST TRANSACTION
control field 20211209082549.0
008 - FIXED-LENGTH DATA ELEMENTS--GENERAL INFORMATION
fixed length control field 181010r20151983ii |||| b||| 000 0 eng d
020 ## - INTERNATIONAL STANDARD BOOK NUMBER
International Standard Book Number 9788173814204
035 ## - SYSTEM CONTROL NUMBER
System control number (BD-RjUL)74730
040 ## - CATALOGING SOURCE
Original cataloging agency BD-RjUL
Language of cataloging eng
Transcribing agency BD-RjUL
041 ## - LANGUAGE CODE
Language code of text/sound track or separate title eng
082 ## - DEWEY DECIMAL CLASSIFICATION NUMBER
Edition number 23
Classification number 934
Author mark and year CHH 2015
100 ## - MAIN ENTRY--PERSONAL NAME
Personal name Chaudhuri, Kiran Chandra
9 (RLIN) 223581
245 ## - TITLE STATEMENT
Title History of ancient india /
Statement of responsibility, etc. Kiran Chandra Chaudhuri
260 ## - PUBLICATION, DISTRIBUTION, ETC. (IMPRINT)
Place of publication, distribution, etc. New Delhi :
Name of publisher, distributor, etc. New Central Book Agency,
Date of publication, distribution, etc. 1983 [Reprinted 2015]
300 ## - PHYSICAL DESCRIPTION
Pagination x, 452 p. ;
Size 21 cm.
504 ## - BIBLIOGRAPHY, ETC. NOTE
Bibliography, etc Includes bibliography
651 ## - SUBJECT ADDED ENTRY--GEOGRAPHIC NAME
Geographic name India
General subdivision History.
9 (RLIN) 223582
Geographic name India
General subdivision Civilization.
9 (RLIN) 223583
942 ## - ADDED ENTRY ELEMENTS (KOHA)
Source of classification or shelving scheme Dewey Decimal Classification
Koha item type Books
Holdings
Lost status Source of classification or shelving scheme Damaged status Not for loan Collection code Permanent Location Current Location Shelving location Date acquired Source of acquisition Cost, normal purchase price Total Checkouts Full call number Date last seen Copy number Koha item type
  Dewey Decimal Classification   Not For Loan Non-fiction Central Library, University of Rajshahi Central Library, University of Rajshahi Reading Room 23/09/2018 Orbital International, Dhaka 41.05   934 CHH 2015 11/10/2018 C-1 Books
  Dewey Decimal Classification     Non-fiction Central Library, University of Rajshahi Central Library, University of Rajshahi   23/09/2018 Orbital International, Dhaka 41.05   934 CHH 2015 11/10/2018 C-2 Books
  Dewey Decimal Classification     Non-fiction Central Library, University of Rajshahi Central Library, University of Rajshahi   23/09/2018 Orbital International, Dhaka 41.05   934 CHH 2015 11/10/2018 C-3 Books
  Dewey Decimal Classification     Non-fiction Central Library, University of Rajshahi Central Library, University of Rajshahi   23/09/2018 Orbital International, Dhaka 41.05   934 CHH 2015 11/10/2018 C-4 Books
  Dewey Decimal Classification     Non-fiction Central Library, University of Rajshahi Central Library, University of Rajshahi   23/09/2018 Orbital International, Dhaka 41.05   934 CHH 2015 11/10/2018 C-5 Books